| 000 | 00506nam a2200181 a 4500 | ||
|---|---|---|---|
| 005 | 20221104063457.0 | ||
| 008 | 070611s2000 mx r 000 0 spa d | ||
| 020 | _a9879460022 | ||
| 035 | _aUPN01000150471 | ||
| 049 | _aCG | ||
| 050 | 4 |
_aHF5549 _bM3.2 |
|
| 100 | 1 | _aMaristany, Jaime | |
| 245 | 1 | 0 |
_aAdministración de recursos humanos / _cJaime Maristany. |
| 260 |
_aBuenos Aires : _bPearson Educación, _c2000. |
||
| 300 | _ax, 350 p. | ||
| 650 | 2 |
_aAdministración de personal _9487 |
|
| 905 | _aLibro | ||
| 999 |
_c122612 _d122612 |
||